000 00800nam a22002537a 4500
999 _c167822
_d167822
005 20190919162918.0
010 _aENG-126505
020 _c925.00
_a9789353166656
035 _aEN-110037
037 _bDBAD/PUB
082 _a620.105
100 _aBeer, Ferdinand P
245 _aDynamics ;
_c By Ferdinand P.Beer...[et.,all]
_bVector Mechanics For Engineers /
260 _aChennai
_bMcGraw Hill Education
_c2019
270 _bChennai
_a444/1,Sri Ekambara Naicker Industrial Estate,Alapakkam,Porur
_e600116
300 _aVariousp.
_c24cm(pbk)
_bill
500 _aincludes Index
700 _aBeer Ferdinand P.
700 _aJohnston ECornwell
700 _a Phillip . Russell
700 _aSelf Brian P
700 _a.Sanghi Sanjeev
942 _2ddc
_cEN
_h620.105
_mBEE